书目信息 |
| 题名: |
有限政府的经济分析
|
|
| 作者: | 毛寿龙 , 李梅 著 | |
| 分册: | ||
| 出版信息: | 上海 生活·读书·新知三联书店上海分店 2000 |
|
| 页数: | 437页 | |
| 开本: | 20cm | |
| 丛书名: | 上海三联学术文库 | |
| 单 册: | ||
| 中图分类: | F110 | |
| 科图分类: | ||
| 主题词: | 经济政策--世界 , 经济规划--世界 | |
| 电子资源: | ||
| ISBN: | 7-5426-1348-0 | |
| 000 | 00709nam2 2200241 45 | |
| 001 | 0305100840 | |
| 005 | 20041229152407.5 | |
| 010 | @a7-5426-1348-0@dCNY22.00 | |
| 100 | @a20030510d2000 km y0chiy0120 ea | |
| 101 | 0 | @achi |
| 105 | @a z 000yy | |
| 200 | 1 | @a有限政府的经济分析@AYou Xian Zheng Fu De Jing Ji Fen Xi@f毛寿龙,李梅著@FMao Shou Long,Li Mei Zhu |
| 210 | @a上海@c生活·读书·新知三联书店上海分店@d2000 | |
| 215 | @a437页@d20cm | |
| 225 | @a上海三联学术文库 | |
| 410 | @12001 @a上海三联学术文库 | |
| 606 | 0 | @a经济政策@y世界 |
| 606 | 0 | @a经济规划@y世界 |
| 690 | @aF110@v4 | |
| 701 | 0 | @a毛寿龙@4著 |
| 701 | 0 | @a李梅@4著 |
| 801 | @aCN@bTSTC@c20030510 | |
| 905 | @b323315-317@dF110@e77@f3 | |
| 有限政府的经济分析/毛寿龙,李梅著.-上海:生活·读书·新知三联书店上海分店,2000 |
| 437页;20cm.-(上海三联学术文库) |
| ISBN 7-5426-1348-0:CNY22.00 |
| ● |
| 相关链接 |
|
|
|
|
正题名:有限政府的经济分析
索取号:F110/77
 
预约/预借
| 序号 | 登录号 | 条形码 | 馆藏地/架位号 | 状态 | 备注 |
| 1 | 0323315 | 203233152 | 第一借阅区/ [索取号:F110/77] | 在馆 | |
| 2 | 0323316 | 203233161 | 第一借阅区/ [索取号:F110/77] | 在馆 | |
| 3 | 0323317 | 203233170 | 第一样本阅览室/ [索取号:F110/77] | 在馆 |